00341nam a2200121Ia 4500008004100000082001100041245004000052250000600092260003300098300000800131630004000139730004000179090124s9999 xx 000 0 und d b304594 a रानातले दिवस a1 bपै शिरीषc2002 a116 a रानातले दिवस a रानातले दिवस